000 00882nac a22002897a 4500
001 BR7406541
003 BR-BrBNA
005 20240105113820.0
008 230509b bl.|||m| |||| 00| 0 por d
040 _aBR-BrBNA
_bpor
_cBiblioteca Nacional de Agricultura
072 _aE10
090 _aE10 BR7406541
110 1 _aCompanhia Agricola de Minas Gerais, Belo Horizonte (Brasil)
_92261
245 1 _aRelatorio 1973 [Companhia Agricola de Minas Gerais, Brasil]
260 3 _aBelo Horizonte, MG (Brasil):
_c1974.
300 _a24 p.
490 _aRelatorio - Companhia Agricola de Minas Gerais (Brazil)
_v
_x
500 _a16 illus.
650 _aINDUSTRIA AGRICOLA
650 _aINSUMO
650 _aPOLITICA AGRICOLA
650 _aRECEITA
650 _aDESPESA
650 _aMINAS GERAIS
909 _a202312
_bLúcia Elande
_c55
_dLúcia Elande
942 _2AGRIS
_n0
_cMS
999 _c265737
_d265737